000 00498nam a2200181Ia 4500
008 240925s9999 xx 000 0 und d
020 _aNA
082 _a382.6029491 JAM
100 _aUS Publication
245 0 _aJamals Yellow Pages of Pakistan 2004: industrial /commercial guide
250 _aNA
260 _aKarachi:
_bU.S Publishers
_c,2004.
300 _axxviii,671p.
_bNA
_fOriginal
500 _aIncludes Index
600 _aSocial Sciences
650 _aSocial Sciences
942 _cBK
999 _c8175
_d8175